000 00359nam a22001457a 4500
003 OSt
005 20160727222348.0
008 160621b xxu||||| |||| 00| 0 eng d
040 _cTEST
100 _9301
_aSubrahmaniyam, N,
245 _aFundamentals Of Physics - XI
260 _aN.D
_bS.Chand
_c1986
300 _aFundamentals Of Physics - XI
942 _2ddc
_cBK
999 _c244
_d244